000 00808nam a22002055i 4500
001 162848
003 ES-MaACL
005 20251012063055.0
008 050704s1868 sp |||| | spa d
080 _a327.32
100 1 _aQuiroga y Rodriguez, Francisco,
_d1853-1894
_9131533
245 1 4 _aUna solución pacífica a la agitación obrera y el derecho al trabajo /
_c[Francisco Quiroga y Rodríguez].
260 _aMadrid :
_b[s.n.,
_c1868] (
_fImp. a cargo de Diego Valero)
300 _a8 p. ;
_c22 cm.
594 _aEl autor consta a fin de texto.
596 _aTexto fechado en Madrid, 7 de diciembre de 1868.
650 7 _aMovimiento obrero
_2embne
_915207
852 4 _aES-MaACL
_jT-93-F-8
_z- Enc. hol., falto de cub. original
_z- Enc. en un vol. facticio
999 _c162848
_d162848